书目信息 |
| 题名: |
公路工程技术标准 JTJ 001-97
|
|
| 作者: | 交通部公路管理司 , 中国公路学会 主编 | |
| 分册: | ||
| 出版信息: | 2000.03 |
|
| 页数: | 147页 | |
| 开本: | 32开 | |
| 丛书名: | ||
| 单 册: | ||
| 中图分类: | U415-65 | |
| 科图分类: | ||
| 主题词: | 道路工程 | |
| 电子资源: | ||
| ISBN: | ||
| 000 | 00691nam0 2200217 45 | |
| 001 | 0009071631 | |
| 005 | 20240227164346.52 | |
| 010 | @d15.00元 | |
| 094 | @bJTJ 001-97 | |
| 100 | @a20000907d2000 km y0chiy0120 ea | |
| 101 | 0 | @achi |
| 105 | @a z 000yy | |
| 200 | 1 | @a公路工程技术标准 JTJ 001-97@Agong lu gong cheng ji shu biao zhun JTJ 001-97@f交通部公路管理司,中国公路学会主编@FJiao Tong Bu Gong Lu Guan Li Si,Zhong Guo Gong Lu Xue Hui Zhu Bian |
| 210 | @d2000.03 | |
| 215 | @a147页@d32开 | |
| 606 | 0 | @a道路工程 |
| 690 | @aU415-65@v3 | |
| 701 | 0 | @a交通部公路管理司@4主编 |
| 701 | 0 | @a中国公路学会@4主编 |
| 801 | @aCN@bPftUser@c20000907 | |
| 905 | @b125684-693@dU415-65@eJ:072@f10 | |
| 公路工程技术标准 JTJ 001-97/交通部公路管理司,中国公路学会主编.-2000.03 |
| 147页;32开 |
| ISBN :15.00元 |
| ● |
| 相关链接 |
|
|
|
正题名:公路工程技术标准 JTJ 001-97
索取号:U415-65/J:072
 
预约/预借
| 序号 | 登录号 | 条形码 | 馆藏地/架位号 | 状态 | 备注 |
| 1 | 125684 | 201256844 | 自科二线400A/400A自科库 34排2列1层/ [索取号:U415-65/J:072] | 在馆 | |
| 2 | 125685 | 201256853 | 自科二线400A/400A自科库 34排2列3层/ [索取号:U415-65/J:072] | 在馆 | |
| 3 | 125686 | 201256862 | 土木与交通工程学院资料室/土木与交通学院资料室 1排1列1层/ [索取号:U415-65/J:072] | 在馆 | |
| 4 | 125687 | 201256871 | 自科库501/501自科库 81排1列5层/ [索取号:U415-65/J:072] | 在馆 | |
| 5 | 125688 | 201256880 | 自科二线400A/400A自科库 34排2列3层/ [索取号:U415-65/J:072] | 在馆 | |
| 6 | 125689 | 201256899 | 自科库501/501自科库 81排1列5层/ [索取号:U415-65/J:072] | 在馆 | |
| 7 | 125690 | 201256906 | 自科库501/ [索取号:U415-65/J:072] | 在馆 | |
| 8 | 125691 | 201256915 | 自科库501/501自科库 81排1列5层/ [索取号:U415-65/J:072] | 在馆 | |
| 9 | 125692 | 201256924 | 自科库501/ [索取号:U415-65/J:072] | 在馆 | |
| 10 | 125693 | 201256933 | 自科二线400A/400A自科库 34排2列3层/ [索取号:U415-65/J:072] | 在馆 |